000
00436nam a2200145Ia 4500
008
100204s9999 xx 000 0 und d
082
_b
16972
100
_a
काळे व. पु.
245
_a
माया बाजार
260
_b
"मेनका प्रकाशन , पुणे"
_c
1993\3
300
_a
124
630
_a
माया बाजार
730
_a
माया बाजार
942
_c
BOOK
999
_c
461395
_d
461392